<?xml version="1.0" encoding="UTF-8"?>
<marc:record xmlns:marc="http://www.loc.gov/MARC21/slim">
   <marc:leader>00000nam a2200000 a 4500</marc:leader>
   <marc:datafield ind1="1" ind2=" " tag="100">
      <marc:subfield code="a">Disney, Walt</marc:subfield>
      <marc:subfield code="4">aut</marc:subfield>
      <marc:subfield code="e">Verfasser/-in</marc:subfield>
   </marc:datafield>
   <marc:datafield ind1=" " ind2=" " tag="653">
      <marc:subfield code="a">LTB</marc:subfield>
   </marc:datafield>
   <marc:datafield ind1=" " ind2=" " tag="653">
      <marc:subfield code="a">Gustav Gans</marc:subfield>
   </marc:datafield>
   <marc:datafield ind1="0" ind2="0" tag="245">
      <marc:subfield code="a">Gans im Glück</marc:subfield>
   </marc:datafield>
   <marc:datafield ind1=" " ind2="1" tag="264">
      <marc:subfield code="b">Egmont Ehapa Verlag</marc:subfield>
      <marc:subfield code="c">2013</marc:subfield>
   </marc:datafield>
   <marc:datafield ind1="1" ind2=" " tag="490">
      <marc:subfield code="a">Lustiges Taschenbuch classic</marc:subfield>
   </marc:datafield>
   <marc:datafield ind1="1" ind2=" " tag="520">
      <marc:subfield code="a">Gans ... äh... ganz ehrlich? Gustavs Glück nervt manchmal ein bisschen, oder? Und nicht nur seinen dramatisch weniger vom Glück begünstigten Vetter Donald. Andererseits ist es aber auch faszinierend, wie bei manchen Leuten einfach alles klappt. Wie einem wie Gustav seit jubiläumsträchtigen 65 Lenzen Fortuna ihr Füllhorn stetig direkt in den Schoß auskippt. Märchenhaft - Gans im Glück! Oder ist er im Grunde seines glückstrunkenen Herzens doch eher ein Gurkenkönig? Die Herrschaften vom Klub der Dickschädel scheinen davon jedenfalls Gans und gar überzeugt zu sein. Was wiederum unseren wandelnden Glückskeks bald nachhaltig daran zweifeln lässt, ob es wirklich immer ein Glück ist, immer Glück zu haben. Unglaublich, aber wahr: Manchmal will Gustav auch mal selber was leisten! Eigentlich so gar nicht sein Ding - ob da die Goldlocke noch lange gülden glänzt? Onkel Dagobert indes macht unbeirrt, was er am besten kann - Geschäfte. Nur dumm, dass Donald so gar nichts mit Fortüne am Matrosenhut hat und prompt des geliebten Schoßhündchens der neuen Businesspartnerin seines Erbonkels verlustig geht. Dognapper gar? Tja, da kann wohl nur Phantomias helfen, denn wenn Donald darauf wartet, dass glückstechnisch der Gustav in ihm erwacht, dann kann er lange warten ...</marc:subfield>
   </marc:datafield>
</marc:record>
